[Event "18th Bangkok Open 2018"]
[Site "Bangkok"]
[Date "2018.04.13"]
[Round "1"]
[White "Brunner, Karl"]
[Black "Tran, Tuan Minh"]
[Result "0-1"]
[WhiteElo "1960"]
[BlackElo "2514"]
[Annotator "TA"]
[PlyCount "92"]
[EventDate "2018.??.??"]
[EventType "swiss"]
[EventCountry "THA"]
[SourceTitle "playchess.com"]
[Source "ChessBase"]
[SourceQuality "1"]

{[%evp 16,92,16,16,20,11,96,32,42,17,18,19,23,0,0,0,14,0,12,0,1,0,0,-8,0,-12,-1,-20,-17,-37,-17,-47,-41,-42,-41,-71,-36,-37,-36,-60,-57,-51,-52,-80,-61,-157,-124,-213,-192,-207,-204,-219,-212,-200,-211,-197,-212,-366,-378,-797,-786,-1014,-998,-1824,-1785,-29949,-29950,-12806,-12827,-5318,-5306,-29987,-29988,-29992,-29993,-29993,-29994,-29994,-29995]} 1. d4 Nf6 2. Nf3 e6 3. e3 b6 4. Bd3 Bb7 5. Nbd2 c5 6. O-O Be7 7. b3 O-O 8. Bb2 Nc6 9. a3 {LiveBook: 164 Games} a6 {A47: 1 d4 Nf6 2 Nf3 b6: Torre, London and Colle Systems} (9... Rc8 10. Re1 d5 11. Qe2 cxd4 12. exd4 Re8 13. c4 Bf8 14. Rad1 g6 15. Qe3 Bg7 16. Ne5 dxc4 17. bxc4 Nxe5 18. dxe5 {0-1 (48) Mamedyarov,S (2768)-Leko,P (2693) Doha 2016}) 10. Qe2 b5 (10... a5 $11 {remains equal.}) 11. c4 $146 (11. dxc5 $16 {b4 is the strong threat.} Bxc5 12. b4) ({Predecessor:} 11. dxc5 Bxc5 12. Ng5 e5 13. f4 Re8 14. fxe5 Nxe5 15. Nxh7 Nfg4 16. Ne4 Bxe3+ 17. Kh1 d5 18. Nef6+ Kh8 19. Nxg4 Nxd3 20. Qxd3 d4 21. Nhf6 gxf6 22. Nxf6 Kg7 23. Nxe8+ Qxe8 24. Bxd4+ {1-0 (24) Puraev,A (2220)-Ostapenko,D (2309) Barnaul 2011}) 11... b4 {White is slightly better.} 12. Ne5 cxd4 13. Nxc6 dxc6 14. Bxd4 c5 15. Bb2 Qd6 {And now ...Rad8 would win.} 16. Rad1 Rad8 17. Bb1 Qc6 $40 {[%csl Gb7][%cal Rc6g2][%mdl 128] Black has some attack.} 18. f3 Qc7 19. Rfe1 Bd6 20. Nf1 Be5 21. axb4 Bxb2 22. Qxb2 cxb4 23. Qc2 a5 24. Ng3 {Threatens to win with Nh5!} Qc5 25. Kf2 g6 (25... Ra8 {is more complex.} 26. Qa2 h5 27. h4 Bc6 28. Bc2 Rfc8) 26. Rd2 e5 27. Qd1 Qe7 28. Ree2 h5 29. Nf1 Nd7 30. Rd6 (30. e4 $15) 30... Nc5 $17 31. Red2 (31. Rxd8 $17 Rxd8 32. Rd2) 31... Rxd6 $19 32. Rxd6 e4 33. Rd4 {[#]} exf3 $1 34. gxf3 Re8 35. Bc2 Qf6 36. Ng3 $2 {[#]} (36. Bb1 {was necessary.}) 36... a4 $1 {[%cal Ba5a4,Ba4b3,Bb3b2][%mdl 544]} 37. Rf4 $2 (37. bxa4 b3 38. Bd3) 37... Qc3 38. Ne4 Bxe4 39. Bxe4 {[#]} Rxe4 $1 {[%mdl 512]} 40. Rxe4 (40. fxe4 Nd3+) 40... Nxe4+ 41. fxe4 axb3 {KQ-KQ} 42. e5 b2 43. Qd8+ Kh7 {Black mates.} 44. Qd5 Qc2+ 45. Kg3 {[#]} h4+ $1 {[%mdl 512]} 46. Kxh4 Qf2+ {Precision: White = 20%, Black = 77%.} 0-1

[Event "18th Bangkok Open 2018"]
[Site "Bangkok"]
[Date "2018.04.13"]
[Round "1"]
[White "Sielicki, Tomasz"]
[Black "Deepan Chakkravarthy J."]
[Result "0-1"]
[WhiteElo "1952"]
[BlackElo "2499"]
[Annotator "TA"]
[PlyCount "76"]
[EventDate "2018.??.??"]
[EventType "swiss"]
[EventCountry "THA"]
[SourceTitle "playchess.com"]
[Source "ChessBase"]
[SourceQuality "1"]

{[%evp 12,75,7,7,7,2,2,6,25,4,3,4,2,0,6,-20,-26,-33,-28,-22,-17,-79,8,17,67,6,13,0,118,114,113,110,116,115,110,41,41,-10,-10,-10,-10,-16,-4,-34,0,-33,-53,-25,-39,-34,-41,-52,0,-21,-16,-21,0,0,0,-33,-28,-943,-942,-849,-842,-29999]} 1. d4 Nf6 2. c4 e6 3. Nf3 Bb4+ 4. Bd2 a5 5. Nc3 O-O 6. a3 {E11: Bogo-Indian} (6. e3 d6 7. Bd3 e5 8. dxe5 dxe5 9. Qc2 Nc6 10. a3 Bxc3 11. Bxc3 Qe7 12. O-O Re8 13. Nd2 e4 {½-½ (61) Fressinet,L (2702)-Horvath,A (2535) Bastia 2015}) 6... Bxc3 7. Bxc3 {LiveBook: 3 Games} Ne4 8. Qc2 {The position is equal.} Nxc3 $146 ({Find the theoretical novelty and annotate with similar games:} 8... f5 9. e3 b6 10. b4 axb4 11. axb4 Rxa1+ 12. Bxa1 Bb7 13. Bd3 Ng5 {1-0 (72) Kaplan,D (2057)-Kulhanek,T (2324) Ricany 2017}) 9. Qxc3 a4 10. e3 b6 11. Bd3 Bb7 12. h4 d6 13. Rh3 Nd7 14. Qc2 h6 15. O-O-O c5 16. d5 (16. Kb1 $11 {keeps the balance.}) 16... b5 (16... exd5 $17 17. cxd5 Nf6) 17. dxe6 fxe6 18. Bh7+ (18. Be4 $1 $14 d5 19. cxd5) 18... Kh8 $11 19. Rxd6 {[#] Hoping for Ne5!} Bxf3 (19... Qe7 $11 {remains equal.} 20. Rd2 b4) 20. Rxf3 $16 Qe7 21. Rxf8+ Rxf8 {[#]} 22. Rd2 $1 b4 23. Bg6 (23. Be4 $16) 23... bxa3 $14 24. Qxa4 ({White should try} 24. bxa3 $14 Ne5 25. h5) 24... Ne5 $36 {[%mdl 2048] Black has some pressure.} 25. h5 axb2+ 26. Rxb2 Qh4 27. g3 Qg4 28. Qb5 Qh3 29. Rd2 Qf1+ 30. Rd1 Qxf2 31. Qxc5 Nxg6 (31... Ng4 $5 {[%cal Rg4e3]} 32. Rd3 Qe1+ 33. Kc2 Ra8 $17) 32. hxg6 $15 {[%mdl 4096] Endgame KQR-KQR} Qf6 {( -> ...Qc3+)} 33. Rd4 $1 Kg8 34. Rf4 Qa1+ 35. Kc2 {[%csl Gc5][%cal Rf4f8]} Rb8 {[%mdl 1024] Threatens to win with ...e5. Black has compensation.} 36. Qd4 $2 {[%mdl 8192]} (36. Qc7 $11 Qb1+ 37. Kc3 Rb3+ 38. Kd4 Qd1+ 39. Kc5 Qh5+ 40. Kd6 Qxg6 41. Ke7) 36... Qb1+ $19 37. Kd2 Rb2+ 38. Kc3 Qc2# {Precision: White = 34%, Black = 66%.} 0-1

[Event "18th Bangkok Open 2018"]
[Site "Bangkok"]
[Date "2018.04.16"]
[Round "4"]
[White "Melkumyan, Hrant"]
[Black "Nguyen, Anh Khoi"]
[Result "1/2-1/2"]
[WhiteElo "2669"]
[BlackElo "2444"]
[Annotator "TA"]
[PlyCount "100"]
[EventDate "2018.??.??"]
[EventType "swiss"]
[EventCountry "THA"]
[SourceTitle "playchess.com"]
[Source "ChessBase"]
[SourceQuality "1"]

{[%evp 21,100,39,60,47,54,60,61,63,96,0,4,0,91,65,73,40,38,-6,12,0,0,6,62,71,75,52,154,170,420,265,252,262,356,341,307,259,876,0,0,0,0,0,0,0,0,0,0,0,0,0,0,0,0,0,0,0,0,0,0,0,0,0,0,0,0,0,0,0,0,0,0,0,0,0,0,0,0,0,0,0,0]} 1. d4 Nf6 2. c4 g6 3. Nc3 Bg7 4. e4 d6 5. h3 O-O 6. Be3 Na6 7. Nf3 e5 8. d5 Nc5 9. Nd2 a5 10. g4 c6 11. Qc2 {E90: King's Indian: Classical: Early deviations and 6 h3} Bd7 {LiveBook: 6 Games} 12. O-O-O cxd5 13. exd5 {White is slightly better.} a4 14. a3 {[#]} Qa5 $146 15. g5 (15. Be2 $16) 15... Nh5 $11 16. Bxc5 dxc5 (16... Qxc5 $11 17. Nde4 Qb6) 17. Be2 f5 18. Bxh5 (18. gxf6 $5 Nxf6 19. Kb1 $11) 18... gxh5 19. Nf1 h4 20. Ne3 e4 21. d6 {[%cal Bd5d6,Bd6d7][%mdl 32]} b5 (21... Bxc3 $1 $11 22. bxc3 Rad8) 22. Ncd5 $14 Kh8 23. Nf6 $1 {[%cal Rf6d7]} Be6 (23... Bxf6 $14 24. gxf6 Rxf6) 24. d7 $16 Bxc4 $2 (24... Qc7 {was worth a try.}) 25. Nxc4 bxc4 {[#]} 26. Rd5 $1 ({Weaker is} 26. Qxc4 Qb6 $16) 26... Rab8 27. Rhd1 ({Not} 27. Rxf5 h6 $18) (27. Qxc4 Qb6 $11) 27... h6 28. Rxf5 hxg5 $2 {[#]} (28... c3) 29. Rd6 $2 (29. Qe2 $1 $18 {[%cal Re2h5] White wants to mate with Qh5+.} Bxf6 30. Qh5+ Kg7 31. Rxg5+ Bxg5+ 32. Qxg5+ Kf7 33. Qf5+ Ke7 34. Qh7+ Rf7 35. Qxe4+ Kf8 36. Qxh4) 29... Bxf6 $11 {The position is equal.} 30. Rfxf6 Rxf6 31. Rxf6 {[%mdl 4096] Endgame KQR-KQR} Qe1+ 32. Qd1 Qxd1+ 33. Kxd1 {KR-KR} Rd8 34. Rd6 Kg7 35. Ke2 Kf7 36. Rd5 Ke6 37. Rxg5 Rxd7 38. Rxc5 Rb7 39. Rxc4 Rxb2+ 40. Kf1 Kf5 41. Rxa4 Ra2 42. Ra8 Ra1+ 43. Ke2 Rh1 44. a4 {Hoping for a5.} Rxh3 45. a5 {Threatens to win with a6.} Ra3 46. Kf1 Kg4 47. a6 Kf3 {[%cal Ra3a1]} 48. Rf8+ Kg4 49. Ra8 Kf3 {[%cal Ra3a1]} 50. Rf8+ Kg4 {Precision: White = 77%, Black = 51%.} 1/2-1/2

[Event "18th Bangkok Open 2018"]
[Site "Bangkok"]
[Date "2018.04.16"]
[Round "4"]
[White "Gustafsson, Jan"]
[Black "Raghunandan, Kaumandur Srihari"]
[Result "1-0"]
[WhiteElo "2643"]
[BlackElo "2434"]
[Annotator "TA"]
[PlyCount "105"]
[EventDate "2018.??.??"]
[EventType "swiss"]
[EventCountry "THA"]
[SourceTitle "playchess.com"]
[Source "ChessBase"]
[SourceQuality "1"]

{[%evp 14,105,38,29,38,31,40,39,39,41,41,36,36,39,37,37,35,24,24,0,7,6,18,12,4,6,19,18,32,21,25,11,29,14,45,36,37,29,55,47,45,53,106,97,92,108,102,104,157,115,112,93,124,120,172,166,184,65,54,0,191,196,196,196,189,177,192,195,274,283,392,354,353,342,409,406,420,367,371,367,614,612,685,661,652,620,12841,12841,12841,12842,12842,12843,12843,12843]} 1. d4 Nf6 2. c4 g6 3. g3 Bg7 4. Bg2 O-O 5. Nc3 d6 6. Nf3 c6 7. O-O Bf5 8. Ng5 {LiveBook: 14 Games. E62: King's Indian: Fianchetto: 6...c6 and Panno Variation (6...Nc6) without ...a6} (8. Ne1 Be6 9. d5 cxd5 10. cxd5 Bd7 11. Be3 a5 12. Bd4 Na6 13. Nd3 b5 14. a3 b4 15. axb4 Nxb4 16. Qd2 Rb8 17. Nxb4 Rxb4 {0-1 (57) Ding,L (2774)-Carlsen,M (2837) Saint Louis 2017}) 8... d5 9. Qb3 Qb6 $146 ({Predecessor:} 9... Qd7 10. cxd5 h6 11. e4 Bg4 12. Nf3 cxd5 13. Ne5 Qc7 14. Nxg4 Nxg4 15. Nxd5 {1-0 (35) Carrascoso Morales,A (2348)-Inat Huelamo,C (1747) Quart de Poblet 2014}) 10. cxd5 {e4 is the strong threat.White is slightly better.} Qxb3 11. axb3 {aiming for e4.} cxd5 12. Nxd5 Nxd5 13. Bxd5 Nc6 14. e3 h6 15. Nf3 Rfd8 16. Bc4 Be4 17. Ne1 e5 18. f3 Bd5 19. Nd3 exd4 {[#] And now ...Bxc4 would win.} 20. e4 Bxc4 21. bxc4 Rdc8 22. f4 Nd8 23. c5 Bf8 24. b4 $36 {[%mdl 2048] White has some pressure.} a5 25. Rxa5 Rxa5 26. bxa5 Bxc5 27. Bd2 Ba7 (27... Be7 $14) 28. Kf2 $16 Rc2 29. Ke2 Ra2 30. Rb1 Bb8 (30... Ra3 $142) 31. Rb5 Bc7 32. Nc5 h5 33. Kd3 h4 (33... Kf8 $16 {was necessary.} 34. e5 (34. Nxb7 Nxb7 35. Rxb7 Bxa5 $16) 34... Ke8) 34. gxh4 $18 (34. Nxb7 $6 Nxb7 35. Rxb7 Bxa5 $14) 34... Ra3+ 35. Rb3 (35. Kc4 $18) 35... Ra2 $14 36. Rb5 (36. h5 $14) 36... Ra3+ $1 $18 37. Kc4 Ra2 {[#]} 38. Nb3 $1 ({Don't play} 38. Nxb7 $6 Nxb7 39. Rxb7 Bxa5 $16) 38... Nc6 39. h5 ({Inferior is} 39. Rxb7 Rxd2 40. Rxc7 Nxa5+ 41. Kb4 Nxb3 $15) 39... gxh5 40. Rxh5 Rc2+ (40... Ra4+ {keeps fighting.} 41. Kd3 Ra3) 41. Kd3 Rb2 42. Rb5 Ra2 43. e5 ({Don't do} 43. Rxb7 Nxa5 44. Bxa5 Bxa5 $18) 43... Ra3 44. Ke4 d3 45. h4 {[%cal Bh2h4,Bh4h5][%mdl 32]} Bd8 46. h5 Be7 $2 (46... Bc7 47. h6 Ra4+ 48. Ke3 Nd8) 47. Rxb7 {White is clearly winning.} Bb4 48. Bxb4 Rxb3 49. a6 Nxb4 50. a7 Ra3 51. Rb8+ Kg7 52. a8=Q Rxa8 53. Rxa8 {Precision: White = 80%, Black = 46%.} 1-0

[Event "18th Bangkok Open 2018"]
[Site "Bangkok"]
[Date "2018.04.16"]
[Round "4"]
[White "Krysa, Leandro"]
[Black "Zhu, Yi"]
[Result "1-0"]
[WhiteElo "2543"]
[BlackElo "2408"]
[Annotator "TA"]
[PlyCount "87"]
[EventDate "2018.??.??"]
[EventType "swiss"]
[EventCountry "THA"]
[SourceTitle "playchess.com"]
[Source "ChessBase"]
[SourceQuality "1"]

{[%evp 17,87,69,64,64,79,84,82,92,81,0,16,16,8,0,5,0,98,89,72,0,0,0,0,0,0,-13,-25,-11,28,21,23,-47,-27,-25,-22,-21,0,0,0,0,0,0,82,68,292,241,516,483,761,758,729,705,685,0,495,411,422,60,330,322,322,0,77,71,5839,5843,5843,5843,5119,4950,29988,29989]} 1. d4 Nf6 2. c4 d6 3. Nf3 g6 4. g3 Bg7 5. Bg2 O-O 6. O-O c6 7. Nc3 Qa5 8. e4 Be6 9. d5 {E62: King's Indian: Fianchetto: 6...c6 and Panno Variation (6...Nc6) without ...a6} Bg4 {LiveBook: 9 Games} 10. Bd2 Rc8 $146 ({Predecessor:} 10... Nfd7 11. Qc2 Bxf3 12. Bxf3 Qc7 13. Rac1 a5 14. a3 Na6 15. Be2 Nac5 16. Be3 Rfe8 17. Rcd1 Qb6 18. Na4 Qb3 19. Qxb3 Nxb3 20. Bg4 Ne5 21. Be2 Nd7 22. Bg4 Ne5 {½-½ (22) Vignesh,N (2399)-Azaladze,S (2499) Mumbai 2015}) 11. h3 {White is better.} Bxf3 12. Qxf3 cxd5 13. exd5 ({Better is} 13. e5 $16 Ne8 14. e6 (14. Nxd5 Qd8 $16) (14. Qxd5 Qxd5 15. Bxd5 Nc6 $14)) 13... Rxc4 $11 14. Qe2 Qa6 $1 15. Qxe7 Nbd7 16. Rfe1 {Black must now prevent Bf1.} Bf8 (16... Rb4 $11 {remains equal.}) 17. Qe2 $16 Re8 18. Qxe8 (18. Be3 $16) 18... Nxe8 $11 19. Rxe8 {And now Bf1 would win.} Qb6 $36 {[%mdl 2048] Black fights for an advantage.} 20. b3 Rc7 21. Be3 Qb4 22. Ne4 Kg7 23. Rd1 {[%cal Ba1d1,Bd1d4,Bd4a4][%mdl 32] Threatens to win with Bd4+.} f6 24. h4 (24. Bxa7 b6 $15) (24. Ng5 $11 fxg5 25. Re4) 24... Kf7 25. Re6 Be7 26. Rd4 Qa3 27. Ra4 Qb2 28. Nxd6+ Bxd6 29. Rxd6 Ne5 {[#]} (29... h5 $11 {keeps the balance.}) 30. Rd8 $1 $16 (30. Rxa7 $6 Qb1+ 31. Bf1 Nf3+ 32. Kg2 Qe4 $11) 30... h5 $2 (30... Rc1+ $14 31. Bxc1 Qxc1+ 32. Kh2 Qc7) 31. d6 $18 (31. Rxa7 Qb1+ 32. Bf1 Nf3+ 33. Kg2 Ne1+ 34. Kg1 Nf3+ 35. Kg2 Ne1+ 36. Kh2 Nf3+ 37. Kg2 $11) 31... Rc1+ $2 (31... Qa1+ 32. Kh2 Rd7 33. Rxd7+ Nxd7 34. Bd5+ (34. Bxa7 b6 $14) 34... Kg7 35. Rxa7 Qd1) 32. Kh2 Rd1 (32... Rc2 $142 33. Bd5+ (33. Bxa7 Rxf2 34. Bxf2 Qxf2 $11) (33. Rxa7 Ke6 $11) (33. Bxb7 Rxf2+ 34. Bxf2 Ng4+ 35. Rxg4 Qxf2+ 36. Bg2 hxg4 $15) 33... Kg7) 33. Rxa7 Ke6 34. Rxb7 {aiming for Be4.} Qb1 35. Re7+ Kf5 {[#]} 36. Rxe5+ $1 Kxe5 37. Bf4+ $2 (37. Bc5 $18 {Re8+ would kill now.} Ke6 38. Bc6) 37... Kf5 $2 {[%mdl 8192]} ({Black should play} 37... Ke6 $14) 38. Bh3+ Ke4 {( -> ...Rh1+)} 39. Bg2+ $2 (39. Re8+ $18 {is the precise move to win.} Kd3 40. Bg2) 39... Kf5 $16 40. d7 Qxa2 $2 {[%mdl 8192]} (40... Ke6 $16) 41. Bh3+ $18 Ke4 42. Re8+ Kf3 43. Bg2+ Kxf2 44. Be3+ {Precision: White = 67%, Black = 32%.} 1-0

[Event "18th Bangkok Open 2018"]
[Site "Bangkok"]
[Date "2018.04.16"]
[Round "4"]
[White "Tran, Tuan Minh"]
[Black "Stokke, Kjetil"]
[Result "1-0"]
[WhiteElo "2514"]
[BlackElo "2335"]
[Annotator "TA"]
[PlyCount "53"]
[EventDate "2018.??.??"]
[EventType "swiss"]
[EventCountry "THA"]
[SourceTitle "playchess.com"]
[Source "ChessBase"]
[SourceQuality "1"]

{[%evp 22,53,48,30,36,34,97,94,105,104,116,117,243,122,357,352,332,179,167,168,238,190,545,541,708,708,702,670,1128,1087,1458,1420,1498,1449]} 1. d4 Nf6 2. c4 g6 3. Nc3 Bg7 4. e4 d6 5. Be2 O-O 6. Be3 e5 7. d5 Na6 8. g4 {E73: King's Indian: Averbakh Variation without 6...c5} Nc5 9. f3 h5 10. g5 Nh7 11. Qd2 (11. h4 f6 12. gxf6 Bxf6 13. Bf2 Be7 14. Kd2 Rf4 15. Qe1 a5 {½-½ (30) L'Ami,E (2634)-Amin,B (2693) Wijk aan Zee 2018}) 11... f6 12. h4 {LiveBook: 5 Games} fxg5 13. hxg5 {[#]} Rf7 $146 ({Better is} 13... Rf4 $14) ({Predecessor:} 13... Rf4 14. Bxf4 exf4 15. Qxf4 Nxg5 {1-0 (38) Lampert,J (2514)-Nijboer,F (2519) Germany 2017}) 14. O-O-O $16 Bf8 15. Nh3 Be7 16. Rdg1 Bd7 {[#]} (16... Qf8 $16) 17. Kb1 (17. f4 $1 $18) 17... c6 $2 (17... Qc8 $16) 18. f4 $18 Bxh3 19. Rxh3 (19. Bxh5 $142 Rg7 20. Rxh3 gxh5 21. g6 (21. Rxh5 exf4 22. Qh2 fxe3 $18)) 19... exf4 20. Bxf4 Nf8 (20... Rg7 {keeps fighting.} 21. e5 Qf8) 21. Rgh1 Ncd7 $2 {[#]} (21... Qe8 22. Bxh5 gxh5) 22. Bxh5 $1 {[%mdl 512] White is clearly winning.} gxh5 23. Rxh5 Rg7 24. Qh2 {And now Rh8+ would win.} Kf7 {Now ...Ng6 and Black clings on.} 25. Rh6 Ng6 {[#]} 26. Rxg6 $1 {[%mdl 512]} Qg8 (26... Kxg6 27. Qh5#) 27. Rh6 {Precision: White = 58%, Black = 17%.} 1-0

[Event "18th Bangkok Open 2018"]
[Site "Bangkok"]
[Date "2018.04.16"]
[Round "4"]
[White "Deepan Chakkravarthy J."]
[Black "Nie, Xinyang"]
[Result "1/2-1/2"]
[WhiteElo "2499"]
[BlackElo "2334"]
[Annotator "TA"]
[PlyCount "109"]
[EventDate "2018.??.??"]
[EventType "swiss"]
[EventCountry "THA"]
[SourceTitle "playchess.com"]
[Source "ChessBase"]
[SourceQuality "1"]

{[%evp 14,109,19,2,35,32,31,9,11,8,18,17,14,9,13,13,13,14,52,31,34,18,35,0,0,-1,0,-35,0,0,27,28,26,26,31,10,3,0,0,0,13,2,6,0,0,0,0,0,0,0,0,0,0,0,0,0,0,0,0,0,0,0,0,0,0,0,0,0,0,0,0,0,0,0,0,0,0,-11,-11,-23,-23,-78,-78,-108,-78,-86,0,-85,0,0,0,0,0,0,0,0,0,-2211]} 1. Nf3 d5 2. g3 Bg4 3. Bg2 Nd7 4. O-O Ngf6 5. c4 c6 6. d4 e6 7. Qb3 Qb6 {D11: Slav Defence: 3 Nf3 sidelines and 3...Nf6 4 e3 Bg4} 8. Nc3 {LiveBook: 107 Games} (8. c5 Qa6 9. Bf4 Be7 10. Rc1 O-O 11. Bf1 Nh5 12. Bd2 b6 {½-½ (23) Vallejo Pons,F (2709)-Mamedyarov,S (2766) Sharjah 2017}) 8... Bxf3 9. Bxf3 Qb4 $146 {White is slightly better.} ({Predecessor:} 9... Be7 10. Rd1 O-O 11. Bf4 Rfe8 12. e4 dxe4 13. Nxe4 Nxe4 14. Bxe4 Qxb3 15. axb3 {½-½ (41) Sandipan,C (2640)-Batchuluun,T (2435) Qinhuangdao 2011}) 10. Qxb4 Bxb4 11. cxd5 exd5 12. Bd2 O-O 13. Rfd1 Rfe8 14. a3 {[%cal Ba2a3,Ba3a4][%mdl 32]} Bd6 15. e3 b5 16. Ne2 a5 17. Rdc1 Rec8 18. a4 {aiming for axb5.} b4 19. Be1 c5 20. Bg2 cxd4 21. exd4 Nb6 22. b3 Rxc1 23. Rxc1 {Black must now prevent Rc6.} Rc8 $1 24. Rxc8+ Nxc8 25. f3 Ne7 26. Kf2 Nc6 27. Bh3 Kf8 28. Bc8 Ke7 29. Bd2 Ne8 30. Bg5+ f6 31. Bd2 Nc7 32. Ke3 Ne6 33. Kd3 g6 34. h4 Bc7 35. Be3 Bd6 36. g4 Bc7 37. Bd2 Bd6 38. Bc1 Bc7 39. Bh6 Bb8 40. h5 (40. f4 {keeps more tension.} Bd6 41. f5 gxf5 42. gxf5 Nc7 43. Bg7) 40... g5 41. Bxe6 Kxe6 $11 {[%mdl 4096] Endgame KBN-KBN} 42. f4 Nd8 43. Ke3 Nf7 44. Bf8 Bc7 45. Bc5 Nd8 46. Kf3 Kd7 47. f5 (47. Ke3 $1 $11) 47... Nb7 $1 $17 48. Bf8 Ke8 49. Bc5 {[#]} Kd7 (49... Bb8 $1 $17) 50. Ba7 {[#]} (50. Bf8 $1 $11 {remains equal.}) 50... Bd6 (50... Nd6 $1 $17) 51. Nc1 $1 $11 {The position is equal.} h6 52. Nd3 Kc6 53. Kf2 Be7 54. Kf3 Bd6 55. Nc5 $2 {[%mdl 40960] Precision: White = 47%, Black = 76%. . An unexpected result.} (55. Ke2 $11) 1/2-1/2

[Event "18th Bangkok Open 2018"]
[Site "Bangkok"]
[Date "2018.04.16"]
[Round "4"]
[White "Goh, Wei Ming Kevin"]
[Black "Nitish Belurkar"]
[Result "1-0"]
[WhiteElo "2472"]
[BlackElo "2303"]
[Annotator "TA"]
[PlyCount "75"]
[EventDate "2018.??.??"]
[EventType "swiss"]
[EventCountry "THA"]
[SourceTitle "playchess.com"]
[Source "ChessBase"]
[SourceQuality "1"]

{[%evp 20,75,24,25,26,8,41,51,37,39,93,112,97,90,92,92,92,92,94,87,83,86,154,91,153,57,157,137,140,118,116,131,209,205,195,143,143,80,75,18,14,34,297,258,432,431,85,385,384,384,822,639,1011,997,979,968,1014,992]} 1. e4 e5 2. Nf3 Nc6 3. Bc4 Bc5 4. O-O Nf6 5. d3 a6 6. a4 d6 7. c3 Ba7 8. Re1 O-O 9. h3 Ne7 10. Nbd2 {[%cal Bb1d2,Bd2f1,Bf1g3][%mdl 32]} Ng6 {C54: Giuoco Piano: 4 c3 Nf6, main lines with 5 d4 and 5 d3} (10... c6 11. Bb3 Ng6 12. Bc2 Re8 13. d4 Nh5 14. Nf1 Nhf4 15. Ng3 exd4 16. cxd4 d5 17. e5 c5 18. Bxg6 Nxg6 {1-0 (51) Anand,V (2782)-Leko,P (2691) Riadh 2017}) 11. Nf1 {LiveBook: 26 Games} Be6 12. Bb3 Qd7 $146 {The position is equal.} ({Predecessor:} 12... Nh5 13. d4 Nhf4 14. Be3 Qf6 15. Bc2 Rad8 {0-1 (24) Ortmeier,L (1930)-Hartmann,J (2042) Willingen 2017}) 13. Ng3 h6 14. d4 Rae8 (14... Bxb3 $14 15. Qxb3 Rfe8) 15. Bc2 $16 c6 16. Be3 {Threatens to win with dxe5.} Bb8 17. dxe5 dxe5 18. Bc5 Ne7 19. Nf5 Bxf5 20. exf5 b6 (20... Qc7 $142) 21. Ba3 (21. Qxd7 $142 Nxd7 22. Ba3) 21... c5 {[#]} (21... Qc7 $142) 22. a5 (22. Nxe5 $6 Qc8 $14) (22. Qxd7 $1 $16 Nxd7 {[#]} 23. a5 $1 {[%mdl 512]}) 22... bxa5 (22... Ned5 $1 $14) 23. Bxc5 {Hoping for Qxd7.} Qb5 24. b4 axb4 25. cxb4 {Strongly threatening Ba4.} e4 (25... Rd8 $16) 26. Nd2 $18 Ned5 27. Nxe4 (27. Bxf8 $6 Nc3 $14) ({White should try} 27. Ra5 $18 Qb7 28. Bxf8 (28. Bxe4 Nxe4 29. Nxe4 Rxe4 $18)) 27... Nxe4 $16 28. Bxe4 ({Reject} 28. Qxd5 $6 Re5 $14) (28. Rxe4 $142 Rxe4 29. Bxe4) 28... Nc3 29. Qg4 ({Better is} 29. Qd3 $16 Nxe4 30. Qxb5 axb5 31. Bxf8 Kxf8 32. Ra8) 29... Rxe4 $11 30. Rxe4 Nxe4 $4 {[%mdl 8192]} (30... h5 $1 $14 31. Qf3 (31. Qxh5 Nxe4 32. Bxf8 Bh2+ 33. Kxh2 Qe5+ 34. g3 Qxa1 $16) 31... Nxe4 32. Qxe4 Re8) 31. Bxf8 $40 {[%csl Gf8][%cal Rg4g7][%mdl 128] White wants a kill.} ({Not} 31. Qxe4 Re8 $14) 31... Qe5 $2 (31... Be5 {was worth a try.}) 32. Re1 Qh2+ 33. Kf1 {[%csl Gf8][%cal Rg4g7]} Nd2+ 34. Ke2 {[%csl Gf8][%cal Rg4g7]} Qe5+ $2 (34... Kxf8 35. Kxd2 Qd6+ 36. Kc3 Ba7) 35. Kxd2 {White is clearly winning.} Qb2+ 36. Kd3 Kxf8 37. Qd4 {[%cal Rd4d8]} Qb3+ 38. Ke2 {Precision: White = 58%, Black = 32%.} 1-0